000 00561nam a2200229Ia 4500
003 0100
008 130303s9999 xx 000 0 und d
020 _a198293577
040 _cARRUPELIB
050 _aJC578.P37 1995
100 _aParijs, Philippe van
245 _aReal freedom for all
245 _bwhat (if anything) can justify capitalism
260 _aOxford
260 _bClarendon Press
260 _C1995
300 _axii
300 _b 330 p.24 cm
440 _aOxford Political theory
700 _aPhilippe van Parijs
942 0 0 _01
999 _c15479
_d15479